000 00820nam a2200253 a 4500
999 _c11767
_d11767
001 11767
003 BD-JhCC
005 20200903114601.0
008 200903b20092019us a|||| ||a| 001 0 eng d
020 _a9780241317785
035 _a(BD-JhCC)11767
040 _aBD-JhCC
_dBD-JhCC
041 _aeng
082 _a031
_bPAR 2019
100 _a Parrish,Margaret
245 _aThe new Children`s Encyclopedia /
_cMargaret Parrish.
260 _aUnited State:
_bDK Publishing;
_c 2019.
300 _a304 p. :
_bill
_c29 cm.
650 _aChildren's encyclopedias and dictionaries
_v Children's encyclopedias and dictionaries. --
_xJUVENILE NONFICTION
_yEncyclopedias and dictionaries.
_zReference -- Encyclopedias.
700 _a Gerhard, Karyn
700 _a Douglass,Megan
942 _2ddc
_cBK